000 00686naa a22002057a 4500
001 22521
003 KOHA_MİRAKIL
005 20230714052952.0
008 230712b tu ||||| |||| 00| 0 tur d
020 _a0212114
040 _aTR-AnANB
_btur
_cTR-AnANB
090 _aArmağan-219
245 0 _aAnayasalar Yoluyla Toplum Tasarımı ve İnşası: Anayasaların Gerçek Sahipleri ve Anayasacılık Süreçlerinde Birey /
_cŞafak Evran Topuzkanamış.
246 _aProf.Dr.Hakan Pekcanıteze Armağan Cilt-4
250 _a1.Basım
260 _aİzmir:
_bDokuz Eylül Üniversitesi Hukuk Fakültesi,
_c2015.
300 _aSayfa 4989-5010
310 _aGünlük
942 _2ddc
_cAR
999 _c18518
_d18518